|
|
|
|
| LEADER |
01922nem a2200397 a 4500 |
| 001 |
mzk03001085648 |
| 003 |
CZ BrMZK |
| 005 |
20130806081616.0 |
| 007 |
aj|ca||| |
| 008 |
110126q18391840xr d||||||a|||r|0|||gerod |
| 034 |
1 |
|
|a a
|b 565000
|d E0115115
|e E0150249
|f N0513240
|g N0500249
|
| 040 |
|
|
|a BOA001
|b cze
|
| 043 |
|
|
|a e-gx---
|
| 072 |
|
7 |
|a 913(4)
|x Geografie Evropy, reálie, cestování
|2 Konspekt
|9 7
|
| 072 |
|
7 |
|a 912:904
|x Staré mapy
|2 Konspekt
|9 7
|
| 080 |
|
|
|a (430.246)
|2 MRF
|
| 080 |
|
|
|a (437.3)
|2 MRF
|
| 080 |
|
|
|a (084.3)
|2 MRF
|
| 100 |
1 |
|
|a Berra, Marco,
|d 1784-1853
|7 jn20010601275
|4 aut
|
| 245 |
1 |
0 |
|a Königreich Sachsen
|h [kartografický dokument]
|
| 255 |
|
|
|a Měřítko [ca 1:565 000]
|c (011°51´15" v.d.--015°02´49" v.d./051°32´40" s.š.--050°02´49" s.š.)
|
| 260 |
|
|
|a Prag :
|b bei Marco Berra,
|c [mezi 1839 a 1840]
|
| 300 |
|
|
|a 1 mapa :
|b mědirytina, ručně kolorovaná ;
|c 30 x 40 cm, na listu 37,5 x 46,5 cm
|
| 500 |
|
|
|a Výzdoba: V pravém horním rohu legenda, v pravém dolním rohu název, v mapovém rámci geografické souřadnice, souřadnicová síť
|
| 500 |
|
|
|a Štítek s nalepeným číslem listu se nedochoval
|
| 510 |
4 |
|
|a Dörflinger, J. Atlantes Austriaci kommentierter Katalog der österreichischen Atlanten von 1561 bis 1994,
|b I/1, s. 18
|
| 655 |
|
7 |
|a staré mapy
|7 fd674099
|2 czenas
|
| 651 |
|
7 |
|a Sasko (Německo)
|7 ge128571
|2 czenas
|
| 787 |
0 |
8 |
|i Samostatná mapa publikovaná v atlase:
|t Neuer allgemeiner Hand Atlaß der ganzen Erde.
|g nach den besten und neuesten Bestimmungen für Zeitungsleser, Kauf und Geschäftsleute aller Art, und für die studierende Jugend. [Blatt 27]
|
| 856 |
4 |
1 |
|u http://www.digitalniknihovna.cz/mzk/uuid/uuid:1708898c-825f-48ee-8deb-7a85f9e9ecd3
|y Digitalizovaný dokument
|
| 910 |
|
|
|a BOA001
|b STMpa-1257.674,B
|
| 978 |
|
|
|b Berra, Marco
|a Praha
|c 1839-1840
|
| 984 |
|
|
|a Praha
|b Česko
|
| 985 |
|
|
|a 1801-1850
|
| 990 |
|
|
|a MP
|
| 991 |
|
|
|k mzk
|